Las Mujeres y la salud /
Se reúnen trabajos sobre las maneras en que las mujeres experimentan sus procesos de salud, las relaciones con las dimensiones económicas, políticas, sociales en la salud de la mujer en México, se realiza una revisión de las investigaciones en nuestro país sobre salud femenina.
Uloženo v:
| Hlavní autor: | |
|---|---|
| Médium: | Kniha |
| Jazyk: | španělština |
| Vydáno: |
México :
El Colegio de México,
1995, c1995
|
| Edice: | (Programa Interdisciplinario de Estudios de la Mujer)
|
| Témata: | |
| Tagy: |
Žádné tagy, Buďte první, kdo vytvoří štítek k tomuto záznamu!
|
MARC
| LEADER | 00000nam^a2200000^a^4500 | ||
|---|---|---|---|
| 001 | 000049505 | ||
| 005 | 20250521000000.0 | ||
| 009 | 20260310090207.417 | ||
| 020 | |a 968-12-0645-2 | ||
| 037 | |a Acervo ITESO - Biblioteca | ||
| 041 | |a ESP | ||
| 082 | |a 613. 0424 |b GON | ||
| 100 | |a González Montes, Soledad |e (comp.) | ||
| 245 | 1 | 4 | |a Las Mujeres y la salud / |c Comp. de S. González Montes. |
| 264 | 4 | |a México : |b El Colegio de México, |c 1995, c1995 | |
| 300 | |a 258 p. | ||
| 336 | |a texto |b txt |2 rdacontenido | ||
| 337 | |a sin mediación |b n |2 rdamedio | ||
| 338 | |a volumen |b nc |2 rdasoporte | ||
| 440 | 1 | |a (Programa Interdisciplinario de Estudios de la Mujer) | |
| 520 | |a Se reúnen trabajos sobre las maneras en que las mujeres experimentan sus procesos de salud, las relaciones con las dimensiones económicas, políticas, sociales en la salud de la mujer en México, se realiza una revisión de las investigaciones en nuestro país sobre salud femenina. | ||
| 649 | |a XX | ||
| 650 | |a Mujeres Mexicanas | ||
| 650 | |a Mujeres - |x Condiciones Sociales y Culturales | ||
| 650 | |a Género | ||
| 650 | |a Aborto | ||
| 650 | |a Salud Pública | ||
| 650 | |a Salud - |x Prevención | ||
| 910 | |a Fondo General | ||
| 920 | |a Impresos - Libros | ||
| 930 | |a Colección General | ||
| 905 | |a 101 | ||
| 901 | |a 0500005430 |b IT1 |c ACC |u 20250521 | ||
| 902 | |a https://opac.biblio.iteso.mx/vufind/Record/000049505 | ||